<?xml version="1.0" encoding="UTF-8"?>
<record
    xmlns:xsi="http://www.w3.org/2001/XMLSchema-instance"
    xsi:schemaLocation="http://www.loc.gov/MARC21/slim http://www.loc.gov/standards/marcxml/schema/MARC21slim.xsd"
    xmlns="http://www.loc.gov/MARC21/slim">

  <leader>01078nam0a2200277   4500</leader>
  <controlfield tag="001">RU\NLR\ONL2\27363</controlfield>
  <controlfield tag="005">20260405055021.0</controlfield>
  <datafield tag="035" ind1=" " ind2=" ">
    <subfield code="a">(NLR Aleph) 010214317</subfield>
  </datafield>
  <datafield tag="090" ind1=" " ind2=" ">
    <subfield code="a">10289138</subfield>
    <subfield code="c">10289138</subfield>
  </datafield>
  <datafield tag="100" ind1=" " ind2=" ">
    <subfield code="a">20130723d1974    |||y0rusy50      ca</subfield>
  </datafield>
  <datafield tag="101" ind1="0" ind2=" ">
    <subfield code="a">alt</subfield>
    <subfield code="b">rus</subfield>
    <subfield code="c">kaz</subfield>
  </datafield>
  <datafield tag="102" ind1=" " ind2=" ">
    <subfield code="a">RU</subfield>
  </datafield>
  <datafield tag="105" ind1=" " ind2=" ">
    <subfield code="a">y |||||||||</subfield>
  </datafield>
  <datafield tag="200" ind1="1" ind2=" ">
    <subfield code="a">&#x427;&#x4E7;&#x43B;&#x434;&#x4E7;&#x440;&#x434;&#x438;&#x4A5; j&#x430;&#x439;&#x44B;&#x43C;&#x44B; &#x443;&#x447;&#x443;&#x43D;</subfield>
    <subfield code="e">(&#x425;&#x430;&#x43D; &#x41A;&#x435;&#x43D;&#x435;)</subfield>
    <subfield code="e">&#x43E;&#x437;&#x43E;&#x433;&#x44B; &#x43E;&#x439; &#x43A;&#x435;&#x440;&#x435;&#x433;&#x438;&#x43D;&#x434;&#x435; &#x440;&#x43E;&#x43C;&#x430;&#x43D;</subfield>
    <subfield code="f">&#x418;&#x43B;&#x44C;&#x44F;&#x441; &#x415;&#x43D;&#x441;&#x435;&#x43D;&#x431;&#x435;&#x440;&#x43B;&#x438;&#x43D;</subfield>
    <subfield code="g">&#x430;&#x43B;&#x442;&#x430;&#x439; &#x442;&#x438;&#x43B;&#x433;&#x435; &#x410;&#x440;&#x436;&#x430;&#x43D; &#x410;&#x434;&#x430;&#x440;&#x43E;&#x432; &#x43A;&#x4E7;&#x447;&#x4F1;&#x440;&#x433;&#x435;&#x43D;</subfield>
  </datafield>
  <datafield tag="210" ind1=" " ind2=" ">
    <subfield code="a">&#x413;&#x43E;&#x440;&#x43D;&#x43E;-&#x410;&#x43B;&#x442;&#x430;&#x439;&#x441;&#x43A;</subfield>
    <subfield code="c">&#x410;&#x43B;&#x442;. &#x431;&#x438;&#x447;&#x438;&#x43A;&#x442;&#x435;&#x440; &#x447;&#x44B;&#x433;. &#x438;&#x437;&#x434;. &#x422;&#x443;&#x443;&#x43B;&#x443; &#x410;&#x43B;&#x442;. &#x431;&#x4E7;&#x43B;&#x4F1;&#x433;&#x438;</subfield>
    <subfield code="d">1974</subfield>
  </datafield>
  <datafield tag="215" ind1=" " ind2=" ">
    <subfield code="a">284 &#x441;.</subfield>
    <subfield code="d">21</subfield>
  </datafield>
  <datafield tag="541" ind1="1" ind2=" ">
    <subfield code="a">&#x417;&#x430; &#x441;&#x432;&#x43E;&#x431;&#x43E;&#x434;&#x443; &#x441;&#x442;&#x435;&#x43F;&#x435;&#x439;</subfield>
    <subfield code="e">&#x440;&#x43E;&#x43C;&#x430;&#x43D;</subfield>
    <subfield code="z">rus</subfield>
  </datafield>
  <datafield tag="686" ind1="1" ind2=" ">
    <subfield code="a">&#x428;6(2=&#x410;&#x43B;&#x442;)-91&#x41A;&#x430;&#x437;7-4</subfield>
  </datafield>
  <datafield tag="700" ind1=" " ind2="1">
    <subfield code="8">rus</subfield>
    <subfield code="7">ca</subfield>
    <subfield code="a">&#x415;&#x441;&#x435;&#x43D;&#x431;&#x435;&#x440;&#x43B;&#x438;&#x43D;</subfield>
    <subfield code="b">&#x418;.</subfield>
    <subfield code="f">1915-1983</subfield>
    <subfield code="g">&#x418;&#x43B;&#x44C;&#x44F;&#x441;</subfield>
    <subfield code="3">RU\NLR\auth\7718619</subfield>
    <subfield code="9">1695</subfield>
  </datafield>
  <datafield tag="801" ind1=" " ind2="0">
    <subfield code="a">RU</subfield>
    <subfield code="b">NLR</subfield>
    <subfield code="c">20130723</subfield>
    <subfield code="g">PSBO</subfield>
  </datafield>
  <datafield tag="852" ind1=" " ind2=" ">
    <subfield code="a">NLR</subfield>
  </datafield>
  <datafield tag="852" ind1=" " ind2=" ">
    <subfield code="a">NLR</subfield>
    <subfield code="b">&#x41E;&#x41D;&#x41B;</subfield>
    <subfield code="j">&#x410;&#x43B;&#x442;./3-747</subfield>
  </datafield>
  <datafield tag="942" ind1=" " ind2=" ">
    <subfield code="c">BOOK</subfield>
  </datafield>
  <datafield tag="980" ind1=" " ind2=" ">
    <subfield code="a">NB</subfield>
  </datafield>
  <datafield tag="980" ind1=" " ind2=" ">
    <subfield code="a">ONL_RF</subfield>
  </datafield>
  <datafield tag="995" ind1=" " ind2=" ">
    <subfield code="5">2014-08-18</subfield>
    <subfield code="b">NLR01</subfield>
    <subfield code="c">NLR01</subfield>
    <subfield code="e">ONL</subfield>
    <subfield code="f">1-384174</subfield>
    <subfield code="k">&#x41E;&#x41D;&#x41B; &#x410;&#x43B;&#x442;./3-747</subfield>
    <subfield code="o">0</subfield>
    <subfield code="r">BOOK</subfield>
    <subfield code="s">_3747</subfield>
  </datafield>
</record>
